000 00313nam a2200121 a 4500
005 20140414132035.0
008 110322s19uu xx 00 eng d
050 _aTR
_bY7 2003
100 _aTafuri, Nancy
245 _aYou are special, little one.
260 _aNew York :
_bScholastic ,
_c2003.
999 _c113706
_d113706